000 00260nam a2200097Ia 4500
008 171211s9999 xx 000 0 und d
245 _aMassad Ayoob's Greatest Handguns of the World Volume II
245 _cMassad F. Ayoob
260 _c2012
650 _xMilitary
999 _c348280
_d348280